000 01522nam0a2200397 4500
001 RU\NLR\BIBL_A\010104410
005 20260409073243.0
010 _a978-5-8459-1838-3
_bВ пер.
_91500
021 _aRU
_b2013-99148
_96882
035 _a(NLR Aleph) 010104410
035 _a(NILC)RuMoRGB-006712268
090 _a9944421
_c9944421
100 _a20140207d2014 k y0rusy50 ca
101 1 _arus
_ceng
102 _aRU
105 _aa|||z|||001yy
200 1 _aАлгоритмические трюки для программистов
_fГенри Уоррен - мл.
_g[пер. с англ. и ред. к.т.н. И. В. Красикова]
205 _a2-е изд.
210 _aМосква [и др.]
_cВильямс
_d2014
215 _a508 с.
_cил.
_d24
300 _aЗагл. и авт. ориг.: Hacker's delight / Henry S. Warren, Jr.
320 _aБиблиогр.: с. 501-505 (114 назв.)
320 _aПредм. указ.: с. 506-508
454 0 _12001#$aHacker's delight
_1700#1$aWarren$bH.S.$cjun.$gHenry S.
_tHacker's delight
_aWarren, Henry S. (jun.)
606 _aПрограммирование (компьют.)
_92081275
_3RU\NLR\AUTH\661257252
610 0 _aхакеры
675 _a004.42
686 1 _aЗ973.2-018
700 1 _aУоррен
_bГ. С.
_cмл.
_gГенри С
801 0 _aRU
_bRuMoRKP
_c20071128
_gRCR
801 2 _aRU
_bРГБ
_c20131218
_grcr
942 _cBOOK
980 _aNBR
980 _aNB